Statistics for Top 15 Celebrities Born In 1931&1930

Click here to take the quiz!

General Stats

  • This quiz has been taken 99 times
  • The average score is 7 of 15

Answer Stats

Answer% Correct
Neil Armstrong
95%
Clint Eastwood
84%
James Dean
79%
Ray Charles
75%
William Shatner
71%
Leonard Nimoy
64%
James Earl Jones
57%
Carolyn Jones
53%
Princess Margaret
43%
Barbara Eden
21%
Buzz Aldrin
18%
Rita Moreno
14%
Sam Cooke
12%
Betty DeGeneres
5%
Mohammad Ali
4%

Score Distribution

Percentile by Number Answered

Percent of People with Each Score

Your Score History

You have not taken this quiz